000 00183nam a2200085Ia 4500
008 170524s9999 xx 000 0 und d
100 _aRecipes
245 0 _a1001 Classic
260 _bParragon book
260 _c2004
999 _c7148
_d7148